000 00948nam a2200241Ia 4500
005 20220317001214.0
008 160825s1997 ck a g 000 0 spa
082 0 4 _aR 708.074
_bB31aj
100 1 _aRosenthal, Norma
245 1 0 _aAllen Jones,obra gráfica 1960-1995
_cBiblioteca Luis Ángel Arango, Banco de la República ; presentación Norman Rosenthal
250 _a1a. edición
300 _a26 páginas
_bilustraciones
_c22 cm
500 _aExposición realizada en agosto-octubre 1997
600 1 4 _aJones, Allen
_d1937
_xExposiciones
_xCatálogos
_967597
610 2 _aBiblioteca Luis Ángel Arango (Bogota)
_xExposiciones
_958250
650 1 4 _2LEMB
_aArtes gráficas
_xExposiciones
_xCatálogos
942 _2ddc
_cREF
264 _aBogotá
_bBanco de la República
_c1997
336 _atexto
_btxt
_2rdacontent
337 _asin mediación
_bn
_2rdamedia
338 _avolumen
_bnc
_2rdacarrier
040 _aCO-BoRNBP
_bspa
_erda
_cCO-BoRNBP
999 _c6236
_d6236